[Event "AUT-ch U10"]
[Site "Velden"]
[Date "2014.06.20"]
[Round "1"]
[White "Milanollo, Ismael"]
[Black "Rohrleitner, Noel"]
[Result "0-1"]
[WhiteElo "1010"]
[BlackElo "1273"]
[PlyCount "62"]
[EventDate "2014.06.20"]
[EventType "swiss"]
[EventRounds "7"]
[EventCountry "AUT"]
[SourceTitle "EXT 2016"]
[Source "ChessBase"]
[SourceDate "2015.10.08"]
[SourceVersion "1"]
[SourceVersionDate "2015.10.08"]
[SourceQuality "1"]

1. e4 d5 2. exd5 Nf6 3. Nc3 Nxd5 4. Nf3 Nc6 5. Bb5 Bg4 6. 0-0 e6 7. h3 Bh5 8. d4 Bb4 9. Bd2 0-0 10. a3 Ba5 11. b4 Bb6 12. Bxc6 bxc6 13. a4 Bxd4 14. Ra3 Nxb4 15. Rb3 c5 16. Qe2 a6 17. Qe4 Rb8 18. Ng5 Bg6 19. Qh4 h6 20. Nf3 Bf6 21. Qc4 Qd6 22. Bf4 Qc6 23. Be3 Bxc2 24. Rb2 Bd3 25. Qg4 Bf5 26. Qg3 g6 27. Rb3 Nc2 28. Qf4 g5 29. Qg3 Rxb3 30. Ne5 Qd6 31. f4 Rxc3 0-1